[Event "Muensterland Verbandsklasse 1415"]
[Site "Germany"]
[Date "2015.04.25"]
[Round "9.2"]
[White "Richter, Juergen"]
[Black "Lanfer, Stefanie"]
[Result "1/2-1/2"]
[WhiteElo "1939"]
[BlackElo "1805"]
[PlyCount "39"]
[EventDate "2014.09.13"]
[EventType "team-tourn"]
[EventRounds "9"]
[EventCountry "GER"]
[SourceTitle "EXT 2016"]
[Source "ChessBase"]
[SourceDate "2015.10.08"]
[SourceVersion "1"]
[SourceVersionDate "2015.10.08"]
[SourceQuality "1"]
[WhiteTeam "Ibbenbueren"]
[BlackTeam "Gescher"]
[WhiteTeamCountry "GER"]
[BlackTeamCountry "GER"]

1. d4 Nf6 2. Nf3 g6 3. Bf4 Bg7 4. Nbd2 0-0 5. e4 d6 6. Bd3 c5 7. c3 cxd4 8. cxd4 Bg4 9. Qb3 Bxf3 10. Nxf3 Nbd7 11. Qxb7 Qa5+ 12. Bd2 Qh5 13. b4 Qg4 14. h3 Qxg2 15. Ke2 Nh5 16. Rhg1 Qxh3 17. Ng5 Qh2 18. Nf3 Qh3 19. Ng5 Qh2 20. Nf3 1/2-1/2

[Event "Muensterland Verbandsklasse 1415"]
[Site "Germany"]
[Date "2015.02.07"]
[Round "6.1"]
[White "Richter, Juergen"]
[Black "Jacob, Helmut"]
[Result "0-1"]
[WhiteElo "1939"]
[BlackElo "1959"]
[PlyCount "47"]
[EventDate "2014.09.13"]
[EventType "team-tourn"]
[EventRounds "9"]
[EventCountry "GER"]
[SourceTitle "EXT 2016"]
[Source "ChessBase"]
[SourceDate "2015.10.08"]
[SourceVersion "1"]
[SourceVersionDate "2015.10.08"]
[SourceQuality "1"]
[WhiteTeam "Ibbenbueren"]
[BlackTeam "Ochtrup"]
[WhiteTeamCountry "GER"]
[BlackTeamCountry "GER"]

1. e4 c5 2. Nf3 g6 3. d4 cxd4 4. Nxd4 Nc6 5. Nxc6 bxc6 6. Qd4 Nf6 7. c4 d6 8. Be2 Qb6 9. Qxb6 axb6 10. Nc3 Bg7 11. 0-0 0-0 12. f3 Nd7 13. Bd2 Nc5 14. Bd1 Nd3 15. g4 Nxb2 16. Bb3 Nd3 17. Rab1 Be6 18. Na4 Bd4+ 19. Kg2 Nc5 20. Nxc5 Bxc5 21. Rb2 b5 22. cxb5 Bxb3 23. axb3 cxb5 24. f4 0-1

[Event "Muensterland Verbandsklasse 1314"]
[Site "Germany"]
[Date "2013.09.21"]
[Round "1.1"]
[White "Richter, Juergen"]
[Black "Sparwel, Oliver"]
[Result "1/2-1/2"]
[WhiteElo "1982"]
[BlackElo "1932"]
[PlyCount "49"]
[EventDate "2013.09.21"]
[EventType "team-tourn"]
[EventRounds "9"]
[EventCountry "GER"]
[SourceTitle "EXT 2015"]
[Source "ChessBase"]
[SourceDate "2014.11.20"]
[SourceVersion "1"]
[SourceVersionDate "2014.11.20"]
[SourceQuality "1"]
[WhiteTeam "Ibbenbueren"]
[BlackTeam "Suedlohn II"]
[WhiteTeamCountry "GER"]
[BlackTeamCountry "GER"]

1. d4 d6 2. e4 Nf6 3. Nc3 Nbd7 4. Nf3 e5 5. Bc4 h6 6. h3 c6 7. 0-0 b5 8. Bd3 Be7 9. a4 b4 10. Ne2 a5 11. c4 c5 12. d5 Qc7 13. Ng3 Nf8 14. Qe2 g5 15. Kh2 Ng6 16. Ne1 Bd7 17. Nc2 0-0-0 18. Ne3 Nf4 19. Qd1 Rdg8 20. Ngf5 Bxf5 21. Nxf5 g4 22. h4 Nxd3 23. Qxd3 Ne8 24. g3 h5 25. f4 1/2-1/2

[Event "Muensterland Verbandsklasse-A 1213"]
[Site "Germany"]
[Date "2013.05.11"]
[Round "9.1"]
[White "Voss, Norbert"]
[Black "Richter, Juergen"]
[Result "1/2-1/2"]
[WhiteElo "1856"]
[BlackElo "1970"]
[PlyCount "21"]
[EventDate "2012.09.15"]
[EventType "team-tourn"]
[EventRounds "9"]
[EventCountry "GER"]
[SourceTitle "EXT 2015"]
[Source "ChessBase"]
[SourceDate "2014.11.20"]
[SourceVersion "1"]
[SourceVersionDate "2014.11.20"]
[SourceQuality "1"]
[WhiteTeam "Muenster SK IV"]
[BlackTeam "Ibbenbueren"]
[WhiteTeamCountry "GER"]
[BlackTeamCountry "GER"]

1. b3 e5 2. Bb2 d6 3. e3 c6 4. d4 e4 5. d5 Nf6 6. c4 Be7 7. Ne2 0-0 8. Ng3 Re8 9. Be2 Na6 10. 0-0 Nc7 11. Nc3 1/2-1/2

[Event "Muensterland Verbandsklasse-A 1213"]
[Site "Germany"]
[Date "2013.02.16"]
[Round "6.1"]
[White "Engels, Natia"]
[Black "Richter, Juergen"]
[Result "0-1"]
[WhiteElo "2083"]
[BlackElo "1970"]
[PlyCount "126"]
[EventDate "2012.09.15"]
[EventType "team-tourn"]
[EventRounds "9"]
[EventCountry "GER"]
[SourceTitle "EXT 2015"]
[Source "ChessBase"]
[SourceDate "2014.11.20"]
[SourceVersion "1"]
[SourceVersionDate "2014.11.20"]
[SourceQuality "1"]
[WhiteTeam "Steinfurt"]
[BlackTeam "Ibbenbueren"]
[WhiteTeamCountry "GER"]
[BlackTeamCountry "GER"]

1. d4 d5 2. c4 c6 3. e3 e6 4. Nf3 f5 5. Ne5 Nf6 6. Nc3 Bd6 7. cxd5 exd5 8. f4 0-0 9. Bd3 Ne4 10. 0-0 Nd7 11. Rb1 Qe7 12. Ne2 Ndf6 13. a3 a5 14. Qe1 c5 15. Bb5 b6 16. Qh4 Be6 17. h3 Rac8 18. g4 fxg4 19. f5 gxh3 20. fxe6 Bxe5 21. dxe5 h2+ 22. Qxh2 Ng4 23. Qh5 Rxf1+ 24. Kxf1 Qxe6 25. Ke1 Nxe5 26. Nf4 Qd6 27. Qh3 Rf8 28. Qe6+ Qxe6 29. Nxe6 Rf6 30. Nf4 Rd6 31. Be2 c4 32. Bd2 g5 33. Nh5 Rh6 34. Bc3 Nd3+ 35. Kd1 g4 36. Bxg4 Ndf2+ 37. Ke2 Nxg4 38. Rg1 Nxc3+ 39. bxc3 Rxh5 40. Rxg4+ Kf7 41. Kf3 Ke6 42. Rg7 Kd6 43. a4 Kc6 44. Rf7 Rh1 45. Ke2 Rh2+ 46. Kd1 h5 47. Rf6+ Kc5 48. Rf5 Rh3 49. Kd2 h4 50. Rh5 b5 51. axb5 a4 52. e4 Rd3+ 53. Kc2 h3 54. Kb2 Kxb5 55. exd5 Kc5 56. Ka3 Rxc3+ 57. Kxa4 Rd3 58. d6+ Kxd6 59. Kb4 c3 60. Kb3 Ke6 61. Kc2 Rf3 62. Kd1 Kf6 63. Kc2 Kg6 0-1

[Event "Muensterland Verbandsklasse-A 1112"]
[Site "Germany"]
[Date "2012.03.10"]
[Round "7.1"]
[White "Sparwel, Oliver"]
[Black "Richter, Juergen"]
[Result "1/2-1/2"]
[WhiteElo "2005"]
[BlackElo "1984"]
[PlyCount "42"]
[EventDate "2011.09.17"]
[EventType "team-tourn"]
[EventRounds "9"]
[EventCountry "GER"]
[SourceTitle "EXT 2013"]
[Source "ChessBase"]
[SourceDate "2012.11.22"]
[SourceVersion "1"]
[SourceVersionDate "2012.11.22"]
[SourceQuality "1"]
[WhiteTeam "Suedlohn II"]
[BlackTeam "Ibbenbueren"]
[WhiteTeamCountry "GER"]
[BlackTeamCountry "GER"]

1. Nf3 d5 2. d3 Bg4 3. Nbd2 Nd7 4. h3 Bh5 5. g4 Bg6 6. Bg2 e5 7. e4 c6 8. Qe2 d4 9. Nxe5 Nxe5 10. f4 f6 11. fxe5 fxe5 12. Nf3 Nf6 13. 0-0 Qd6 14. Nh4 0-0-0 15. Bd2 Be7 16. Nf5 Bxf5 17. exf5 Rde8 18. Rae1 Bd8 19. c4 dxc3 20. Bxc3 Bb6+ 21. Kh1 Bc7 1/2-1/2

[Event "Muensterland Verbandsklasse-A 0910"]
[Site "Germany"]
[Date "2010.01.30"]
[Round "6.2"]
[White "Richter, Juergen"]
[Black "Bienhuels, Michael"]
[Result "1-0"]
[WhiteElo "1961"]
[BlackElo "1785"]
[PlyCount "75"]
[EventDate "2009.09.19"]
[EventType "team-tourn"]
[EventRounds "9"]
[EventCountry "GER"]
[SourceTitle "EXT 2011"]
[Source "ChessBase"]
[SourceDate "2010.11.26"]
[SourceVersion "1"]
[SourceVersionDate "2010.11.26"]
[SourceQuality "1"]
[WhiteTeam "Ibbenbueren"]
[BlackTeam "Duelmen"]
[WhiteTeamCountry "GER"]
[BlackTeamCountry "GER"]

1. c4 Nf6 2. Nc3 c5 3. g3 Nc6 4. Bg2 g6 5. Nf3 Bg7 6. d4 cxd4 7. Nxd4 0-0 8. Nc2 d6 9. 0-0 Rb8 10. Rb1 Ne5 11. b3 a6 12. a4 b6 13. f4 Ned7 14. e4 Bb7 15. Bd2 e6 16. Qe2 h5 17. h3 Qc7 18. Kh2 Rbd8 19. Rfd1 d5 20. e5 Ne4 21. Nxe4 dxe4 22. Bxe4 Bxe4 23. Qxe4 f6 24. exf6 Nxf6 25. Qxg6 Qc6 26. Ne1 Qc5 27. Ng2 h4 28. gxh4 e5 29. Be3 Qe7 30. f5 e4 31. h5 Nxh5 32. Qxh5 Rd3 33. Rxd3 exd3 34. Rf1 Rf6 35. Kh1 Rd6 36. Qg4 d2 37. Bxd2 Rxd2 38. f6 1-0

[Event "Muensterland Verbandsklasse-A 0910"]
[Site "Germany"]
[Date "2009.11.21"]
[Round "3.1"]
[White "Storck, Martin"]
[Black "Richter, Juergen"]
[Result "1/2-1/2"]
[WhiteElo "2009"]
[BlackElo "1961"]
[PlyCount "44"]
[EventDate "2009.09.19"]
[EventType "team-tourn"]
[EventRounds "9"]
[EventCountry "GER"]
[SourceTitle "EXT 2011"]
[Source "ChessBase"]
[SourceDate "2010.11.26"]
[SourceVersion "1"]
[SourceVersionDate "2010.11.26"]
[SourceQuality "1"]
[WhiteTeam "Gronau"]
[BlackTeam "Ibbenbueren"]
[WhiteTeamCountry "GER"]
[BlackTeamCountry "GER"]

1. c4 e5 2. Nc3 f5 3. d4 e4 4. e3 Nf6 5. Nge2 Be7 6. Ng3 d6 7. Be2 0-0 8. f3 exf3 9. Bxf3 c6 10. 0-0 Na6 11. e4 fxe4 12. Ngxe4 Nc7 13. d5 cxd5 14. Nxf6+ Bxf6 15. Nxd5 Nxd5 16. Bxd5+ Kh8 17. Be3 Bd7 18. Bd4 Bc6 19. Bxf6 Rxf6 20. Qd4 Bxd5 21. Rxf6 gxf6 22. cxd5 Qe7 1/2-1/2

[Event "Muensterland Verbandsklasse-A 0809"]
[Site "Germany"]
[Date "2009.03.07"]
[Round "7.1"]
[White "Lemli, Thomas"]
[Black "Richter, Juergen"]
[Result "1/2-1/2"]
[WhiteElo "1958"]
[BlackElo "1999"]
[PlyCount "64"]
[EventDate "2008.09.13"]
[EventType "team-tourn"]
[EventRounds "9"]
[EventCountry "GER"]
[SourceTitle "EXT 2010"]
[Source "ChessBase"]
[SourceDate "2010.11.25"]
[SourceVersion "1"]
[SourceVersionDate "2010.11.25"]
[SourceQuality "1"]
[WhiteTeam "Emsdetten Rochade"]
[BlackTeam "Ibbenbueren"]
[WhiteTeamCountry "GER"]
[BlackTeamCountry "GER"]

1. Nf3 c5 2. c4 Nc6 3. d4 cxd4 4. Nxd4 Nf6 5. Nc3 a6 6. g3 e6 7. Bg2 Be7 8. Nc2 h5 9. h3 d6 10. Bf4 Qc7 11. Qd2 Ne5 12. b3 Bd7 13. Rc1 Bc6 14. e4 b6 15. Nd4 Bb7 16. Be3 Rc8 17. f4 Ned7 18. Qc2 Qb8 19. f5 e5 20. Nde2 b5 21. Qd3 bxc4 22. bxc4 Bc6 23. 0-0 0-0 24. Rb1 Qa8 25. Rfc1 Rfd8 26. Nd5 Bxd5 27. cxd5 Ne8 28. Qd1 a5 29. Bf3 Nef6 30. Nc3 Rc4 31. Qd3 Rb4 32. a3 Rxb1 1/2-1/2

[Event "Muensterland Verbandsklasse-A 0809"]
[Site "Germany"]
[Date "2008.11.08"]
[Round "3.1"]
[White "Mueller, Thomas1111"]
[Black "Richter, Juergen"]
[Result "0-1"]
[WhiteElo "1778"]
[BlackElo "1999"]
[PlyCount "70"]
[EventDate "2008.09.13"]
[EventType "team-tourn"]
[EventRounds "9"]
[EventCountry "GER"]
[SourceTitle "EXT 2010"]
[Source "ChessBase"]
[SourceDate "2010.11.25"]
[SourceVersion "1"]
[SourceVersionDate "2010.11.25"]
[SourceQuality "1"]
[WhiteTeam "Gronau II"]
[BlackTeam "Ibbenbueren"]
[WhiteTeamCountry "GER"]
[BlackTeamCountry "GER"]

1. e4 c5 2. Nc3 Nc6 3. d3 g6 4. g4 h5 5. g5 d6 6. Bg2 Bg7 7. Nge2 e6 8. Be3 Nd4 9. Qd2 Ne7 10. Nd1 Bd7 11. c3 Ndc6 12. h4 Rb8 13. d4 cxd4 14. cxd4 d5 15. Ndc3 dxe4 16. Bxe4 0-0 17. Ng3 b5 18. d5 b4 19. dxc6 bxc3 20. Qxd7 cxb2 21. Rd1 Qa5+ 22. Bd2 Qc5 23. 0-0 Bd4 24. Bb1 Rbd8 25. Ne4 Qa3 26. Qc7 Nf5 27. Qf4 Qh3 28. Nf6+ Kg7 29. Bxf5 exf5 30. Nd7 Bb6 31. Nxf8 Rd4 32. Qe5+ Kg8 33. Qf4 Rxf4 34. Bxf4 Qg4+ 35. Bg3 Qxg3+ 0-1

[Event "Muensterland Verbandsklasse-A 0607"]
[Site "Germany"]
[Date "2006.11.18"]
[Round "3.1"]
[White "Richter, Juergen"]
[Black "Sathe, Madan"]
[Result "1-0"]
[WhiteElo "2001"]
[BlackElo "1943"]
[PlyCount "45"]
[EventDate "2006.09.23"]
[EventType "team"]
[EventRounds "9"]
[EventCountry "GER"]
[SourceTitle "EXT 2008"]
[Source "ChessBase"]
[SourceDate "2007.11.25"]
[SourceVersion "1"]
[SourceVersionDate "2007.11.25"]
[SourceQuality "1"]
[WhiteTeam "Ibbenbueren"]
[BlackTeam "Heiden II"]
[WhiteTeamCountry "GER"]
[BlackTeamCountry "GER"]

1. d4 Nf6 2. Bg5 d5 3. c3 Qd6 4. Nf3 Nc6 5. e3 Bg4 6. Nbd2 e5 7. dxe5 Nxe5 8. Bf4 Nfd7 9. Qa4 Bxf3 10. Nxf3 Nxf3+ 11. gxf3 Qb6 12. 0-0-0 c6 13. Rg1 Nc5 14. Qc2 0-0-0 15. Qf5+ Rd7 16. Bh3 Ne6 17. e4 d4 18. cxd4 Bb4 19. Rxg7 Qa5 20. Rxf7 Qxf5 21. Rxf5 Kd8 22. Be5 Re8 23. Rf6 1-0

[Event "Balatonlelle op-B"]
[Site "Balatonlelle"]
[Date "2006.06.17"]
[Round "1.16"]
[White "Richter, Juergen"]
[Black "Passecker, Josef"]
[Result "1/2-1/2"]
[WhiteElo "2055"]
[BlackElo "1794"]
[PlyCount "52"]
[EventDate "2006.06.17"]
[EventType "swiss"]
[EventRounds "9"]
[EventCountry "HUN"]
[SourceTitle "EXT 2007"]
[Source "ChessBase"]
[SourceDate "2006.11.23"]
[SourceVersion "1"]
[SourceVersionDate "2006.11.23"]
[SourceQuality "1"]

1. e4 e6 2. d4 d5 3. exd5 exd5 4. Bd3 Bd6 5. Qf3 c6 6. Bf4 Bxf4 7. Qxf4 Qf6 8. Ne2 Qxf4 9. Nxf4 Nf6 10. 0-0 0-0 11. Nc3 b5 12. Rfe1 Na6 13. Re7 Bd7 14. Nh5 Nxh5 15. Rxd7 Nf6 16. Rd6 Rac8 17. Bf5 Rc7 18. Re1 Re8 19. Rxe8+ Nxe8 20. Rd7 g6 21. Rxc7 Nexc7 22. Bd7 Nb8 23. Bg4 f5 24. Bd1 Ne6 25. Ne2 b4 26. c3 a5 1/2-1/2

[Event "Muensterland Verbandsklasse-A 0506"]
[Site "Germany"]
[Date "2006.04.08"]
[Round "8.1"]
[White "Hagemann, Elmar"]
[Black "Richter, Juergen"]
[Result "1/2-1/2"]
[WhiteElo "2056"]
[BlackElo "2004"]
[PlyCount "70"]
[EventDate "2005.09.03"]
[EventType "team"]
[EventRounds "9"]
[EventCountry "GER"]
[SourceTitle "EXT 2006"]
[Source "ChessBase"]
[SourceDate "2005.11.24"]
[SourceVersion "1"]
[SourceVersionDate "2005.11.24"]
[SourceQuality "1"]
[WhiteTeam "Sendenhorst"]
[BlackTeam "Ibbenbueren"]
[WhiteTeamCountry "GER"]
[BlackTeamCountry "GER"]

1. e4 c5 2. Nf3 e6 3. d4 cxd4 4. Nxd4 a6 5. Nc3 Qc7 6. Bd3 Nf6 7. 0-0 Nc6 8. Nb3 Be7 9. f4 d6 10. Qe2 b5 11. a4 b4 12. Na2 0-0 13. Kh1 a5 14. Bd2 Bd7 15. Rac1 Rfc8 16. c3 Qb8 17. Bb1 Bf8 18. c4 Ne7 19. e5 Ne8 20. Nd4 g6 21. b3 Bg7 22. Nf3 Ra7 23. Be3 Rac7 24. Bf2 Bc6 25. Ng5 Qa8 26. Bd4 Rd7 27. Bb2 Rcd8 28. Rcd1 d5 29. c5 Nc7 30. Kg1 Bb7 31. Bd3 Ba6 32. Nf3 Qa7 33. Rc1 Rc8 34. Rf2 Bxd3 35. Qxd3 Na6 1/2-1/2

[Event "Muensterland Verbandsklasse-A 0506"]
[Site "Germany"]
[Date "2006.02.11"]
[Round "6.1"]
[White "Rosing, Hermann"]
[Black "Richter, Juergen"]
[Result "1/2-1/2"]
[WhiteElo "2009"]
[BlackElo "2004"]
[PlyCount "24"]
[EventDate "2005.09.03"]
[EventType "team"]
[EventRounds "9"]
[EventCountry "GER"]
[SourceTitle "EXT 2006"]
[Source "ChessBase"]
[SourceDate "2005.11.24"]
[SourceVersion "1"]
[SourceVersionDate "2005.11.24"]
[SourceQuality "1"]
[WhiteTeam "Ahaus Wessum"]
[BlackTeam "Ibbenbueren"]
[WhiteTeamCountry "GER"]
[BlackTeamCountry "GER"]

1. e4 c5 2. Nf3 d6 3. Bb5+ Bd7 4. Bxd7+ Qxd7 5. 0-0 Nc6 6. c4 e5 7. Nc3 g6 8. d3 Bg7 9. Bg5 Nge7 10. Qd2 0-0 11. Bxe7 Nxe7 12. Nd5 Nxd5 1/2-1/2

[Event "Muensterland Verbandsliga 0405"]
[Site "Muensterland"]
[Date "2005.03.12"]
[Round "7.2"]
[White "Richter, Juergen"]
[Black "Bosman, Michiel"]
[Result "1/2-1/2"]
[WhiteElo "1983"]
[BlackElo "2249"]
[PlyCount "63"]
[EventDate "2004.09.18"]
[EventType "team"]
[EventRounds "9"]
[EventCountry "GER"]
[SourceTitle "EXT 2006"]
[Source "ChessBase"]
[SourceDate "2005.11.24"]
[SourceVersion "1"]
[SourceVersionDate "2005.11.24"]
[SourceQuality "1"]
[WhiteTeam "Ibbenbueren"]
[BlackTeam "Emsdetten Turm II"]
[WhiteTeamCountry "GER"]
[BlackTeamCountry "GER"]

1. e4 e6 2. d4 d5 3. exd5 exd5 4. Bd3 Nc6 5. c3 Qf6 6. Qf3 Be6 7. Qxf6 Nxf6 8. Bf4 0-0-0 9. Nf3 h6 10. 0-0 Nh5 11. Bg3 Nxg3 12. fxg3 Bd6 13. Nbd2 Rhe8 14. Rae1 Re7 15. Re2 Rde8 16. Rfe1 a6 17. Kf2 Kd8 18. Nf1 Nb8 19. Ne3 g6 20. h3 Nd7 21. g4 Nf6 22. b3 c6 23. Nd1 Bc7 24. Nb2 Bc8 25. Rxe7 Rxe7 26. Rxe7 Kxe7 27. Ke3 Be6 28. Bc2 Nd7 29. Nd3 Kf6 30. Nf4 Nf8 31. Nd3 Bc8 32. Nde5 1/2-1/2